000 00639nam a2200217 i 4500
001 bg
100 1 _aMalc, Wiktor.
245 1 0 _aRachunek kosztów postulowanych w przedsiębiorstwie przemysłowym /
_cWiktor Malc.
260 _aWarszawa :
_bPaństwowe Wydawnictwo Ekonomiczne,
_c1963.
300 _a286, [2] s. :
_bil. ;
_c20 cm.
504 _aBibliogr. s. 277-[282].
650 9 _aOrganizacja przedsiębiorstwa przemysłowego.
650 9 _aPrzemysł
_xkoszty.
040 _cBPK
041 0 _apol
044 _aPOL
080 _a658.1/.5::66/69
080 _a657.47
942 _cKS
008 130116s pl a f |000 0 pol
999 _c53850
_d53850
856 _uhttp://koha.tu.koszalin.pl/cgi-bin/koha/opac-detail.pl?biblionumber=53850
_yKatalog online BPK